000
00349nam a2200145Ia 4500
008
231129s1985||||xx |||||||||||||| ||spa||
020
_a
84-7530-747-7
040
_b
spa
082
_a
E823 C947c
100
_a
Cronin A. J.
245
0
_a
La ciudadela
260
_c
1985
264
_a
Orbis
942
_2
ddc
_c
BKS
999
_c
16651
_d
16651